[Event "DEM U18 2017"]
[Site "Willingen GER"]
[Date "2017.06.10"]
[Round "9"]
[White "Sawlin, Leonid"]
[Black "Niermann, Tristan"]
[Result "1-0"]
[Termination "normal"]
[Board "2"]
[WhiteTitle "FM"]
[WhiteElo "2303"]
[BlackElo "2340"]
[WhiteClock "00:51:33"]
[BlackClock "00:00:43"]
[PlyCount "77"]
[WhiteFideId "4689542"]
[BlackFideId "12990698"]
[EventCountry "GER"]
[EventRounds "9"]
[EventType "swiss"]
[EventDate "2017.06.03"]

1. e4 {[%clk 1:30:59]} 1... e5 {[%clk 1:30:54]} 2. Nf3 {[%clk 1:31:24]} 2...
Nc6 {[%clk 1:31:19]} 3. d4 {[%clk 1:31:48]} 3... exd4 {[%clk 1:31:46]} 4. Nxd4
{[%clk 1:32:14]} 4... Nf6 {[%clk 1:32:11]} 5. Nxc6 {[%clk 1:32:40]} 5... bxc6 {
[%clk 1:32:38]} 6. e5 {[%clk 1:33:02]} 6... Qe7 {[%clk 1:33:05]} 7. Qe2 { [%clk
1:33:28]} 7... Nd5 {[%clk 1:33:31]} 8. c4 {[%clk 1:33:53]} 8... Nb6 { [%clk
1:33:58]} 9. Nc3 {[%clk 1:34:18]} 9... Bb7 {[%clk 1:34:24]} 10. b3 { [%clk
1:33:50]} 10... O-O-O {[%clk 1:34:05]} 11. Bb2 {[%clk 1:34:01]} 11... Re8
{[%clk 1:34:03]} 12. f4 {[%clk 1:33:31]} 12... f6 {[%clk 1:34:26]} 13. Ne4 {
[%clk 1:33:22]} 13... d5 {[%clk 1:33:33]} 14. Nd2 {[%clk 1:32:55]} 14... Nd7 {
[%clk 1:14:16]} 15. Nf3 {[%clk 1:26:13]} 15... fxe5 {[%clk 1:06:52]} 16. Nxe5 {
[%clk 1:25:23]} 16... Nxe5 {[%clk 1:02:53]} 17. Bxe5 {[%clk 1:22:21]} 17...
Qh4+ {[%clk 0:59:45]} 18. g3 {[%clk 1:21:26]} 18... Bb4+ {[%clk 1:00:08]} 19.
Kd1 {[%clk 1:21:35]} 19... Qd8 {[%clk 0:50:44]} 20. Kc2 {[%clk 1:20:39]} 20...
dxc4 {[%clk 0:47:54]} 21. Bh3+ {[%clk 1:20:51]} 21... Kb8 {[%clk 0:47:08]} 22.
Rhd1 {[%clk 1:19:22]} 22... cxb3+ {[%clk 0:44:58]} 23. axb3 {[%clk 1:19:36]}
23... Bd6 {[%clk 0:43:22]} 24. Ra5 {[%clk 1:14:35]} 24... Qe7 {[%clk 0:38:40]}
25. Qf2 {[%clk 1:12:12]} 25... c5 {[%clk 0:35:40]} 26. Re1 {[%clk 1:12:03]}
26... Qf7 {[%clk 0:29:23]} 27. Qd2 {[%clk 1:03:52]} 27... Rd8 {[%clk 0:22:41]}
28. Qe2 {[%clk 0:58:11]} 28... Rhe8 {[%clk 0:18:48]} 29. Bg2 {[%clk 0:57:25]}
29... Bxe5 {[%clk 0:14:35]} 30. Rb5 {[%clk 0:54:54]} 30... c6 {[%clk 0:05:54]}
31. Bxc6 {[%clk 0:52:54]} 31... Re7 {[%clk 0:05:09]} 32. Bxb7 {[%clk 0:52:14]}
32... Rxb7 {[%clk 0:05:30]} 33. Qxe5+ {[%clk 0:52:36]} 33... Ka8 { [%clk
0:05:32]} 34. Qe4 {[%clk 0:52:17]} 34... Rg8 {[%clk 0:02:07]} 35. Rd1 { [%clk
0:50:38]} 35... a6 {[%clk 0:00:59]} 36. Ra1 {[%clk 0:50:51]} 36... Kb8 { [%clk
0:01:02]} 37. Rxa6 {[%clk 0:50:51]} 37... Rd8 {[%clk 0:00:35]} 38. Qe5+ { [%clk
0:51:05]} 38... Qc7 {[%clk 0:00:43]} 39. Rxb7+ {[%clk 0:51:33]} 1-0

[Event "DEM U18 2017"]
[Site "Willingen GER"]
[Date "2017.06.10"]
[Round "9"]
[White "Ehmann, Thilo"]
[Black "Gschnitzer, Adrian"]
[Result "1/2-1/2"]
[Termination "normal"]
[Board "3"]
[WhiteTitle "FM"]
[WhiteElo "2268"]
[BlackElo "2342"]
[WhiteClock "00:27:31"]
[BlackClock "00:26:25"]
[PlyCount "88"]
[WhiteFideId "12940968"]
[BlackFideId "1270337"]
[EventCountry "GER"]
[EventRounds "9"]
[EventType "swiss"]
[EventDate "2017.06.03"]

1. e4 {[%clk 1:30:59]} 1... c5 {[%clk 1:30:55]} 2. Nf3 {[%clk 1:31:25]} 2...
Nc6 {[%clk 1:31:19]} 3. d4 {[%clk 1:31:49]} 3... cxd4 {[%clk 1:31:44]} 4. Nxd4
{[%clk 1:32:14]} 4... e5 {[%clk 1:32:07]} 5. Nb5 {[%clk 1:32:37]} 5... d6 {
[%clk 1:32:31]} 6. c4 {[%clk 1:32:54]} 6... Be7 {[%clk 1:32:51]} 7. N1c3 {
[%clk 1:33:15]} 7... a6 {[%clk 1:33:13]} 8. Na3 {[%clk 1:33:42]} 8... Be6 {
[%clk 1:33:12]} 9. Be2 {[%clk 1:32:48]} 9... Bg5 {[%clk 1:31:59]} 10. O-O {
[%clk 1:30:52]} 10... Bxc1 {[%clk 1:32:10]} 11. Rxc1 {[%clk 1:31:13]} 11...
Nge7 {[%clk 1:32:09]} 12. Nc2 {[%clk 1:29:48]} 12... O-O {[%clk 1:31:35]} 13.
Qd2 {[%clk 1:29:42]} 13... Qb6 {[%clk 1:23:36]} 14. b4 {[%clk 1:24:24]} 14...
Rfd8 {[%clk 1:22:43]} 15. Nd5 {[%clk 1:22:07]} 15... Bxd5 {[%clk 1:21:02]} 16.
cxd5 {[%clk 1:21:46]} 16... Nb8 {[%clk 1:17:00]} 17. Ne3 {[%clk 1:19:18]} 17...
a5 {[%clk 1:11:47]} 18. b5 {[%clk 1:18:52]} 18... Rf8 {[%clk 1:04:46]} 19. Nc4
{[%clk 1:17:19]} 19... Qd8 {[%clk 1:04:59]} 20. Qe3 {[%clk 1:03:29]} 20... Nc8
{[%clk 1:01:38]} 21. Bg4 {[%clk 0:59:18]} 21... Nd7 {[%clk 1:00:07]} 22. Bxd7 {
[%clk 0:55:47]} 22... Qxd7 {[%clk 1:00:35]} 23. Nb6 {[%clk 0:55:13]} 23... Nxb6
{[%clk 1:01:04]} 24. Qxb6 {[%clk 0:55:37]} 24... Rfc8 {[%clk 0:53:46]} 25.
Rxc8+ {[%clk 0:53:58]} 25... Rxc8 {[%clk 0:54:14]} 26. Qxa5 {[%clk 0:54:14]}
26... Rc4 {[%clk 0:46:04]} 27. Qa8+ {[%clk 0:51:30]} 27... Rc8 {[%clk 0:45:34]}
28. Qa3 {[%clk 0:51:45]} 28... h6 {[%clk 0:42:38]} 29. Qb4 {[%clk 0:51:30]}
29... Rc5 {[%clk 0:42:33]} 30. a4 {[%clk 0:51:26]} 30... b6 {[%clk 0:42:35]}
31. h3 {[%clk 0:49:12]} 31... Qc7 {[%clk 0:42:50]} 32. Qa3 {[%clk 0:46:42]}
32... Rc3 {[%clk 0:41:58]} 33. Qa1 {[%clk 0:46:13]} 33... Qc5 {[%clk 0:38:47]}
34. Kh1 {[%clk 0:32:32]} 34... Ra3 {[%clk 0:35:39]} 35. Qb2 {[%clk 0:29:17]}
35... Rxa4 {[%clk 0:33:59]} 36. Rc1 {[%clk 0:29:01]} 36... Rc4 {[%clk 0:33:28]}
37. Rxc4 {[%clk 0:28:42]} 37... Qxc4 {[%clk 0:33:57]} 38. Qa3 {[%clk 0:26:41]}
38... Qf1+ {[%clk 0:31:42]} 39. Kh2 {[%clk 0:27:07]} 39... Qxf2 {[%clk 0:31:59]
} 40. Qxd6 {[%clk 0:26:59]} 40... Qf4+ {[%clk 0:32:03]} 41. Kh1 {[%clk 0:27:05]
} 41... Qf1+ {[%clk 0:26:40]} 42. Kh2 {[%clk 0:27:23]} 42... Qf4+ { [%clk
0:27:06]} 43. Kg1 {[%clk 0:27:22]} 43... Qe3+ {[%clk 0:26:25]} 44. Kh1 { [%clk
0:27:31]} 44... Qc1+ 1/2-1/2

[Event "DEM U18 2017"]
[Site "Willingen GER"]
[Date "2017.06.10"]
[Round "9"]
[White "Kololli, Martin"]
[Black "Oberhofer, Cédric"]
[Result "1/2-1/2"]
[Termination "normal"]
[Board "4"]
[WhiteElo "2238"]
[BlackElo "2187"]
[WhiteClock "00:00:47"]
[BlackClock "00:15:40"]
[PlyCount "129"]
[WhiteFideId "12936910"]
[BlackFideId "12941220"]
[EventCountry "GER"]
[EventRounds "9"]
[EventType "swiss"]
[EventDate "2017.06.03"]

1. e4 {[%clk 1:30:57]} 1... c5 {[%clk 1:30:56]} 2. c3 {[%clk 1:31:22]} 2... g6
{[%clk 1:31:21]} 3. d4 {[%clk 1:31:44]} 3... cxd4 {[%clk 1:31:45]} 4. cxd4 {
[%clk 1:32:10]} 4... d5 {[%clk 1:32:10]} 5. exd5 {[%clk 1:32:33]} 5... Nf6 {
[%clk 1:32:31]} 6. Nc3 {[%clk 1:32:59]} 6... Nxd5 {[%clk 1:32:48]} 7. Nf3 {
[%clk 1:32:03]} 7... Bg7 {[%clk 1:32:11]} 8. Bc4 {[%clk 1:27:10]} 8... Nb6 {
[%clk 1:32:15]} 9. Bb3 {[%clk 1:27:19]} 9... O-O {[%clk 1:31:49]} 10. Be3 {
[%clk 1:24:44]} 10... Nc6 {[%clk 1:27:18]} 11. h3 {[%clk 1:24:13]} 11... Na5 {
[%clk 1:21:15]} 12. O-O {[%clk 1:23:44]} 12... Nxb3 {[%clk 1:14:43]} 13. axb3 {
[%clk 1:19:25]} 13... Nd5 {[%clk 1:10:36]} 14. Re1 {[%clk 1:15:14]} 14... Re8 {
[%clk 1:03:36]} 15. Bg5 {[%clk 1:06:04]} 15... Be6 {[%clk 0:52:05]} 16. Bc1 {
[%clk 1:00:05]} 16... Bf5 {[%clk 0:48:19]} 17. g4 {[%clk 0:57:16]} 17... Bc8 {
[%clk 0:47:40]} 18. Ne5 {[%clk 0:53:18]} 18... Be6 {[%clk 0:38:59]} 19. Ne4 {
[%clk 0:36:39]} 19... Nb6 {[%clk 0:36:41]} 20. Nc5 {[%clk 0:35:14]} 20... Bd5 {
[%clk 0:37:03]} 21. Bf4 {[%clk 0:33:41]} 21... Nc8 {[%clk 0:34:01]} 22. Qd3 {
[%clk 0:30:20]} 22... Nd6 {[%clk 0:31:16]} 23. Na4 {[%clk 0:26:03]} 23... a6 {
[%clk 0:25:28]} 24. Nc5 {[%clk 0:24:27]} 24... Nb5 {[%clk 0:23:18]} 25. Rad1 {
[%clk 0:22:30]} 25... Rc8 {[%clk 0:21:37]} 26. Qe3 {[%clk 0:20:22]} 26... Qa5 {
[%clk 0:16:32]} 27. Ra1 {[%clk 0:18:52]} 27... Qd8 {[%clk 0:16:46]} 28. Bg3 {
[%clk 0:16:00]} 28... Qb6 {[%clk 0:14:14]} 29. Rad1 {[%clk 0:12:33]} 29... Na7
{[%clk 0:10:44]} 30. Ned7 {[%clk 0:09:56]} 30... Qb5 {[%clk 0:10:01]} 31. Qd3 {
[%clk 0:02:36]} 31... Qxd3 {[%clk 0:07:22]} 32. Rxd3 {[%clk 0:03:01]} 32... Nb5
{[%clk 0:07:23]} 33. Nb6 {[%clk 0:02:25]} 33... Rcd8 {[%clk 0:07:46]} 34. Be5 {
[%clk 0:02:17]} 34... Bxe5 {[%clk 0:05:48]} 35. Rxe5 {[%clk 0:01:21]} 35... e6
{[%clk 0:04:34]} 36. Nxd5 {[%clk 0:01:26]} 36... Rxd5 {[%clk 0:04:51]} 37. Rxd5
{[%clk 0:01:18]} 37... exd5 {[%clk 0:05:17]} 38. Re3 {[%clk 0:01:05]} 38...
Rxe3 {[%clk 0:04:10]} 39. fxe3 {[%clk 0:01:32]} 39... Nd6 {[%clk 0:04:34]} 40.
Nd7 {[%clk 0:01:26]} 40... Ne8 {[%clk 0:02:57]} 41. Kg2 {[%clk 0:28:25]} 41...
f6 {[%clk 0:28:05]} 42. Nb6 {[%clk 0:25:06]} 42... Nc7 {[%clk 0:28:28]} 43. Nd7
{[%clk 0:25:29]} 43... Ne8 {[%clk 0:28:47]} 44. Nb6 {[%clk 0:22:19]} 44... Nc7
{[%clk 0:29:12]} 45. Nc8 {[%clk 0:22:13]} 45... Kf8 {[%clk 0:27:38]} 46. b4 {
[%clk 0:21:04]} 46... b5 {[%clk 0:24:21]} 47. Nd6 {[%clk 0:21:02]} 47... Ke7 {
[%clk 0:23:33]} 48. Nb7 {[%clk 0:21:26]} 48... Ke6 {[%clk 0:22:36]} 49. Nc5+ {
[%clk 0:21:34]} 49... Kd6 {[%clk 0:22:59]} 50. Kf3 {[%clk 0:20:23]} 50... Ke7 {
[%clk 0:22:06]} 51. h4 {[%clk 0:18:50]} 51... Kd6 {[%clk 0:19:56]} 52. Kf4 {
[%clk 0:18:38]} 52... Ke7 {[%clk 0:16:59]} 53. Kf3 {[%clk 0:11:49]} 53... Kd6 {
[%clk 0:17:20]} 54. g5 {[%clk 0:05:34]} 54... f5 {[%clk 0:16:28]} 55. Nb7+ {
[%clk 0:05:25]} 55... Kc6 {[%clk 0:16:09]} 56. Nc5 {[%clk 0:05:49]} 56... Kd6 {
[%clk 0:16:34]} 57. Kg3 {[%clk 0:06:07]} 57... Ke7 {[%clk 0:16:19]} 58. Kf4 {
[%clk 0:04:51]} 58... Kd6 {[%clk 0:16:44]} 59. Nb7+ {[%clk 0:04:29]} 59... Kc6
{[%clk 0:16:27]} 60. Nd8+ {[%clk 0:03:40]} 60... Kd7 {[%clk 0:16:49]} 61. Nb7 {
[%clk 0:02:50]} 61... Kc6 {[%clk 0:17:07]} 62. Nc5 {[%clk 0:01:57]} 62... Kd6 {
[%clk 0:17:33]} 63. Kg3 {[%clk 0:01:44]} 63... Ke7 {[%clk 0:17:46]} 64. h5 {
[%clk 0:01:36]} 64... Ne6 {[%clk 0:15:40]} 65. Nxe6 {[%clk 0:00:47]} 1/2-1/2

[Event "DEM U18 2017"]
[Site "Willingen GER"]
[Date "2017.06.10"]
[Round "9"]
[White "Schmekel, Florian"]
[Black "Lagunow, Raphael"]
[Result "0-1"]
[Termination "normal"]
[Board "5"]
[BlackTitle "FM"]
[WhiteElo "2029"]
[BlackElo "2318"]
[WhiteClock "00:30:29"]
[BlackClock "00:00:47"]
[PlyCount "79"]
[WhiteFideId "12913456"]
[BlackFideId "24652644"]
[EventCountry "GER"]
[EventRounds "9"]
[EventType "swiss"]
[EventDate "2017.06.03"]

1. d4 {[%clk 1:30:57]} 1... Nf6 {[%clk 1:30:55]} 2. c4 {[%clk 1:31:22]} 2... g6
{[%clk 1:31:21]} 3. Nc3 {[%clk 1:31:48]} 3... Bg7 {[%clk 1:31:47]} 4. e4 {
[%clk 1:32:12]} 4... O-O {[%clk 1:32:12]} 5. Be2 {[%clk 1:32:37]} 5... d6 {
[%clk 1:32:36]} 6. Bg5 {[%clk 1:33:01]} 6... Na6 {[%clk 1:32:59]} 7. Qd2 {
[%clk 1:33:09]} 7... e5 {[%clk 1:32:59]} 8. d5 {[%clk 1:33:28]} 8... Qe8 {
[%clk 1:33:02]} 9. Bd1 {[%clk 1:33:19]} 9... Bd7 {[%clk 1:32:51]} 10. Bc2 {
[%clk 1:32:10]} 10... Nh5 {[%clk 1:30:49]} 11. Nge2 {[%clk 1:17:56]} 11... f5 {
[%clk 1:28:42]} 12. exf5 {[%clk 1:14:30]} 12... gxf5 {[%clk 1:26:19]} 13. Ng3 {
[%clk 1:13:30]} 13... Nf4 {[%clk 1:17:59]} 14. O-O-O {[%clk 0:58:38]} 14... Qg6
{[%clk 0:43:50]} 15. Bxf4 {[%clk 0:51:54]} 15... exf4 {[%clk 0:44:12]} 16. Nge2
{[%clk 0:52:14]} 16... Nc5 {[%clk 0:39:31]} 17. Nxf4 {[%clk 0:47:01]} 17... Qf7
{[%clk 0:39:55]} 18. Nfe2 {[%clk 0:41:49]} 18... a5 {[%clk 0:33:49]} 19. f4 {
[%clk 0:36:28]} 19... a4 {[%clk 0:32:51]} 20. h3 {[%clk 0:34:19]} 20... a3 {
[%clk 0:21:53]} 21. b3 {[%clk 0:33:43]} 21... Rae8 {[%clk 0:21:30]} 22. g4 {
[%clk 0:29:01]} 22... Qf6 {[%clk 0:12:02]} 23. g5 {[%clk 0:25:31]} 23... Qf7 {
[%clk 0:12:24]} 24. h4 {[%clk 0:17:07]} 24... Ne4 {[%clk 0:12:16]} 25. Bxe4 {
[%clk 0:16:15]} 25... fxe4 {[%clk 0:12:42]} 26. Qe3 {[%clk 0:10:38]} 26... Bg4
{[%clk 0:13:06]} 27. Rde1 {[%clk 0:09:46]} 27... c6 {[%clk 0:05:57]} 28. Rhf1 {
[%clk 0:05:56]} 28... Bf3 {[%clk 0:06:09]} 29. Kc2 {[%clk 0:05:24]} 29... Bxc3
{[%clk 0:01:49]} 30. Nxc3 {[%clk 0:02:17]} 30... Qxf4 {[%clk 0:02:15]} 31. Qxf4
{[%clk 0:02:06]} 31... Rxf4 {[%clk 0:02:44]} 32. Kd2 {[%clk 0:02:27]} 32... Re5
{[%clk 0:02:20]} 33. c5 {[%clk 0:01:11]} 33... dxc5 {[%clk 0:00:55]} 34. dxc6 {
[%clk 0:01:03]} 34... bxc6 {[%clk 0:01:24]} 35. Re3 {[%clk 0:01:25]} 35... Rd5+
{[%clk 0:01:04]} 36. Nxd5 {[%clk 0:00:54]} 36... cxd5 {[%clk 0:01:30]} 37. Rc3
{[%clk 0:00:41]} 37... d4 {[%clk 0:01:45]} 38. Rxc5 {[%clk 0:00:53]} 38... e3+
{[%clk 0:00:38]} 39. Kc1 {[%clk 0:00:33]} 39... d3 {[%clk 0:00:47]} 40. Re5 {
[%clk 0:30:29]} 0-1

[Event "DEM U18 2017"]
[Site "Willingen GER"]
[Date "2017.06.10"]
[Round "9"]
[White "Schröder, Kevin"]
[Black "Herbrig, Alexander"]
[Result "1/2-1/2"]
[Termination "normal"]
[Board "6"]
[WhiteTitle "FM"]
[WhiteElo "2352"]
[BlackElo "2102"]
[WhiteClock "00:40:30"]
[BlackClock "00:03:05"]
[PlyCount "203"]
[WhiteFideId "12929840"]
[BlackFideId "12952044"]
[EventCountry "GER"]
[EventRounds "9"]
[EventType "swiss"]
[EventDate "2017.06.03"]

1. Nf3 {[%clk 1:30:53]} 1... Nf6 {[%clk 1:29:09]} 2. g3 {[%clk 1:31:18]} 2...
d5 {[%clk 1:29:21]} 3. Bg2 {[%clk 1:31:30]} 3... c5 {[%clk 1:26:13]} 4. c4 {
[%clk 1:31:37]} 4... Nc6 {[%clk 1:23:11]} 5. O-O {[%clk 1:31:52]} 5... e5 {
[%clk 1:18:21]} 6. d3 {[%clk 1:32:02]} 6... Be7 {[%clk 1:17:01]} 7. Bg5 { [%clk
1:30:18]} 7... d4 {[%clk 1:11:39]} 8. Na3 {[%clk 1:28:43]} 8... O-O { [%clk
1:10:32]} 9. Nc2 {[%clk 1:29:07]} 9... h6 {[%clk 1:05:01]} 10. Bxf6 { [%clk
1:29:06]} 10... Bxf6 {[%clk 1:05:15]} 11. a3 {[%clk 1:27:41]} 11... a5 { [%clk
1:04:47]} 12. Rb1 {[%clk 1:25:47]} 12... Be7 {[%clk 0:58:36]} 13. e3 { [%clk
1:25:23]} 13... Qd6 {[%clk 0:39:59]} 14. exd4 {[%clk 1:25:44]} 14... exd4
{[%clk 0:40:18]} 15. Nd2 {[%clk 1:23:42]} 15... Qg6 {[%clk 0:38:24]} 16. Re1 {
[%clk 1:21:03]} 16... Bg4 {[%clk 0:33:04]} 17. Qc1 {[%clk 1:20:47]} 17... Rfe8
{[%clk 0:31:15]} 18. f4 {[%clk 1:19:07]} 18... h5 {[%clk 0:29:24]} 19. Ne4 {
[%clk 1:18:43]} 19... Bf5 {[%clk 0:26:19]} 20. Qd2 {[%clk 1:17:56]} 20... h4 {
[%clk 0:22:25]} 21. Qf2 {[%clk 1:18:18]} 21... Bf8 {[%clk 0:22:07]} 22. Bf3 {
[%clk 1:13:14]} 22... Re7 {[%clk 0:19:26]} 23. Qg2 {[%clk 1:13:22]} 23... h3 {
[%clk 0:18:00]} 24. Qd2 {[%clk 1:11:18]} 24... Rae8 {[%clk 0:16:32]} 25. Nf2 {
[%clk 1:11:24]} 25... Nb8 {[%clk 0:12:40]} 26. Kf1 {[%clk 1:10:31]} 26... b6 {
[%clk 0:08:47]} 27. Rxe7 {[%clk 1:10:36]} 27... Rxe7 {[%clk 0:08:49]} 28. Re1 {
[%clk 1:11:04]} 28... Bd7 {[%clk 0:08:24]} 29. Rxe7 {[%clk 1:11:03]} 29... Bxe7
{[%clk 0:08:54]} 30. Qe2 {[%clk 1:10:42]} 30... Bd6 {[%clk 0:07:52]} 31. Be4 {
[%clk 1:10:36]} 31... Qh6 {[%clk 0:07:23]} 32. Ne1 {[%clk 1:08:55]} 32... Na6 {
[%clk 0:07:02]} 33. Nf3 {[%clk 1:08:40]} 33... Nc7 {[%clk 0:07:05]} 34. Qd2 {
[%clk 1:03:41]} 34... Ne8 {[%clk 0:05:19]} 35. Ng5 {[%clk 1:02:29]} 35... Be7 {
[%clk 0:05:02]} 36. Nf3 {[%clk 1:00:33]} 36... Nf6 {[%clk 0:04:24]} 37. Bb7 {
[%clk 1:00:28]} 37... Ng4 {[%clk 0:03:12]} 38. Nxg4 {[%clk 1:00:15]} 38... Bxg4
{[%clk 0:03:40]} 39. Ne5 {[%clk 0:59:12]} 39... Be6 {[%clk 0:03:06]} 40. Qf2 {
[%clk 0:57:49]} 40... Bd6 {[%clk 0:02:05]} 41. Nf3 {[%clk 0:57:10]} 41... Be7 {
[%clk 0:26:06]} 42. Qe2 {[%clk 1:27:42]} 42... Qh5 {[%clk 0:24:24]} 43. Be4 {
[%clk 1:26:03]} 43... Bf6 {[%clk 0:21:41]} 44. Ng1 {[%clk 1:25:08]} 44... Qxe2+
{[%clk 0:19:59]} 45. Kxe2 {[%clk 1:24:13]} 45... g6 {[%clk 0:19:34]} 46. Kf3 {
[%clk 1:24:38]} 46... Bd7 {[%clk 0:19:03]} 47. b3 {[%clk 1:23:44]} 47... a4 {
[%clk 0:16:57]} 48. bxa4 {[%clk 1:24:06]} 48... Kg7 {[%clk 0:15:59]} 49. a5 {
[%clk 1:24:28]} 49... bxa5 {[%clk 0:15:56]} 50. g4 {[%clk 1:24:54]} 50... Bh4 {
[%clk 0:15:18]} 51. Nxh3 {[%clk 1:24:23]} 51... Be1 {[%clk 0:15:30]} 52. f5 {
[%clk 1:22:53]} 52... Bb4 {[%clk 0:10:06]} 53. axb4 {[%clk 1:21:16]} 53... a4 {
[%clk 0:10:28]} 54. b5 {[%clk 1:11:56]} 54... a3 {[%clk 0:10:22]} 55. b6 {
[%clk 1:11:14]} 55... Bc8 {[%clk 0:10:41]} 56. b7 {[%clk 1:11:02]} 56... Bxb7 {
[%clk 0:11:09]} 57. Bxb7 {[%clk 1:11:27]} 57... a2 {[%clk 0:10:40]} 58. fxg6 {
[%clk 1:11:33]} 58... fxg6 {[%clk 0:10:47]} 59. Nf4 {[%clk 1:07:34]} 59... a1=Q
{[%clk 0:10:39]} 60. Ne6+ {[%clk 1:06:22]} 60... Kh7 {[%clk 0:10:21]} 61. Be4 {
[%clk 1:02:33]} 61... Qh1+ {[%clk 0:09:18]} 62. Kg3 {[%clk 1:02:11]} 62... Qg1+
{[%clk 0:09:40]} 63. Kh3 {[%clk 1:01:19]} 63... Qe3+ {[%clk 0:05:59]} 64. Kh4 {
[%clk 1:00:25]} 64... Kh6 {[%clk 0:03:07]} 65. g5+ {[%clk 1:00:22]} 65... Kh7 {
[%clk 0:03:31]} 66. Nf8+ {[%clk 0:58:44]} 66... Kg8 {[%clk 0:03:52]} 67. Nxg6 {
[%clk 0:58:52]} 67... Kg7 {[%clk 0:03:50]} 68. Kg4 {[%clk 0:57:22]} 68... Qg1+
{[%clk 0:04:08]} 69. Kf5 {[%clk 0:57:31]} 69... Qxh2 {[%clk 0:03:30]} 70. Nf4 {
[%clk 0:57:39]} 70... Qf2 {[%clk 0:03:26]} 71. Ke5 {[%clk 0:55:34]} 71... Qg3 {
[%clk 0:03:51]} 72. Kf5 {[%clk 0:55:37]} 72... Kf7 {[%clk 0:02:13]} 73. Bd5+ {
[%clk 0:52:52]} 73... Ke7 {[%clk 0:02:10]} 74. g6 {[%clk 0:53:00]} 74... Qh4 {
[%clk 0:02:10]} 75. Be4 {[%clk 0:51:27]} 75... Qf6+ {[%clk 0:01:47]} 76. Kg4 {
[%clk 0:51:27]} 76... Kd6 {[%clk 0:01:01]} 77. Nh5 {[%clk 0:51:16]} 77... Qe6+
{[%clk 0:00:56]} 78. Bf5 {[%clk 0:45:12]} 78... Qe2+ {[%clk 0:01:06]} 79. Kg5 {
[%clk 0:45:35]} 79... Qe3+ {[%clk 0:01:24]} 80. Kh4 {[%clk 0:43:25]} 80... Qf2+
{[%clk 0:00:55]} 81. Ng3 {[%clk 0:43:09]} 81... Qf4+ {[%clk 0:00:59]} 82. Kh3 {
[%clk 0:43:30]} 82... Ke5 {[%clk 0:01:00]} 83. Be4 {[%clk 0:42:13]} 83... Qg5 {
[%clk 0:01:06]} 84. Nf1 {[%clk 0:40:02]} 84... Kf4 {[%clk 0:01:04]} 85. Kh2 {
[%clk 0:40:30]} 85... Kg4 {[%clk 0:00:39]} 86. Kg2 {[%clk 0:40:30]} 86... Kh4+
{[%clk 0:00:48]} 87. Kf2 {[%clk 0:40:17]} 87... Kh3 {[%clk 0:00:50]} 88. Ke2 {
[%clk 0:39:37]} 88... Kh4 {[%clk 0:00:42]} 89. Nd2 {[%clk 0:39:45]} 89... Qe3+
{[%clk 0:00:57]} 90. Kd1 {[%clk 0:40:07]} 90... Kh5 {[%clk 0:01:10]} 91. Nb3 {
[%clk 0:39:39]} 91... Qg1+ {[%clk 0:01:25]} 92. Kc2 {[%clk 0:39:55]} 92... Qf2+
{[%clk 0:01:41]} 93. Kb1 {[%clk 0:39:56]} 93... Qe1+ {[%clk 0:02:07]} 94. Ka2 {
[%clk 0:40:19]} 94... Kh6 {[%clk 0:02:32]} 95. Kb2 {[%clk 0:40:10]} 95... Qc3+
{[%clk 0:02:45]} 96. Ka2 {[%clk 0:39:48]} 96... Qe1 {[%clk 0:03:10]} 97. Na1 {
[%clk 0:39:57]} 97... Qa5+ {[%clk 0:02:44]} 98. Kb1 {[%clk 0:40:19]} 98... Qe1+
{[%clk 0:02:22]} 99. Kb2 {[%clk 0:40:28]} 99... Qc3+ {[%clk 0:02:35]} 100. Ka2
{[%clk 0:40:47]} 100... Qa5+ {[%clk 0:02:52]} 101. Kb1 {[%clk 0:40:18]} 101...
Qe1+ {[%clk 0:03:05]} 102. Ka2 {[%clk 0:40:30]} 1/2-1/2

[Event "DEM U18 2017"]
[Site "Willingen GER"]
[Date "2017.06.10"]
[Round "9"]
[White "Uksini, Bardhyl"]
[Black "Urban, Konstantin"]
[Result "1/2-1/2"]
[Termination "normal"]
[Board "7"]
[WhiteElo "2331"]
[BlackElo "2377"]
[WhiteClock "00:46:08"]
[BlackClock "00:33:48"]
[PlyCount "44"]
[WhiteFideId "1628313"]
[BlackFideId "12927511"]
[EventCountry "GER"]
[EventRounds "9"]
[EventType "swiss"]
[EventDate "2017.06.03"]

1. Nf3 {[%clk 1:30:57]} 1... Nf6 {[%clk 1:30:54]} 2. g3 {[%clk 1:31:24]} 2...
g6 {[%clk 1:31:19]} 3. Bg2 {[%clk 1:31:51]} 3... Bg7 {[%clk 1:31:44]} 4. O-O {
[%clk 1:32:15]} 4... O-O {[%clk 1:32:09]} 5. b3 {[%clk 1:32:08]} 5... c5 {
[%clk 1:27:49]} 6. Bb2 {[%clk 1:30:11]} 6... Nc6 {[%clk 1:27:40]} 7. c4 { [%clk
1:28:30]} 7... d6 {[%clk 1:22:58]} 8. d3 {[%clk 1:26:25]} 8... Bd7 { [%clk
1:18:14]} 9. Nbd2 {[%clk 1:26:31]} 9... a6 {[%clk 1:17:32]} 10. d4 { [%clk
1:20:29]} 10... cxd4 {[%clk 1:15:10]} 11. Nxd4 {[%clk 1:20:52]} 11... Nxd4
{[%clk 1:12:54]} 12. Bxd4 {[%clk 1:21:16]} 12... Bc6 {[%clk 1:13:19]} 13. Bb2
{[%clk 1:16:04]} 13... Bxg2 {[%clk 1:12:42]} 14. Kxg2 {[%clk 1:16:31]} 14... b5
{[%clk 1:05:00]} 15. Rc1 {[%clk 1:13:08]} 15... Qb6 {[%clk 1:03:27]} 16. Nf3
{[%clk 1:11:58]} 16... Rfc8 {[%clk 0:58:51]} 17. Qd3 {[%clk 1:10:01]} 17... Qb7
{[%clk 0:52:12]} 18. Rc2 {[%clk 0:53:48]} 18... bxc4 {[%clk 0:51:30]} 19. Rxc4
{[%clk 0:46:51]} 19... Rxc4 {[%clk 0:51:07]} 20. Qxc4 {[%clk 0:47:17]} 20...
Rc8 {[%clk 0:51:32]} 21. Qd3 {[%clk 0:45:43]} 21... Nd5 {[%clk 0:33:48]} 22.
Bxg7 {[%clk 0:46:08]} 22... Kxg7 1/2-1/2